Statistics for Countries with the Most Austronesian People

Click here to take the quiz!

General Stats

  • This quiz has been taken 117 times
  • The average score is 11 of 15

Answer Stats

PopulationCountry% Correct
260 milIndonesia
99%
19.5 milMalaysia
95%
100 milPhilippines
92%
1.90 milThailand
89%
4.29 milUnited States
84%
1.71 milTaiwan
82%
2.75 milSingapore
81%
1.30 milPapua New Guinea
80%
910 kNew Zealand
76%
24.0 milMadagascar
68%
1.20 milEast Timor
66%
849 kCanada
65%
3.62 milSaudi Arabia
34%
994 kUnited Arab Emirates
33%
2.77 milNetherlands
24%

Score Distribution

Percentile by Number Answered

Percent of People with Each Score

Your Score History

You have not taken this quiz